[Event "ch-FRA Blitz Online Qual"]
[Site "Europe-Chess INT"]
[Date "2020.05.16"]
[Round "2"]
[White "Remtoula, Naushad"]
[Black "De Smet, Fabrice"]
[Result "0-1"]
[WhiteElo "1126"]
[BlackElo "1520"]
[WhiteFideId "551060019"]
[BlackFideId "45129657"]
[EventDate "2020.05.16"]

1. c4 c5 2. g3 Nc6 3. Bg2 e5 4. Nc3 g6 5. e4 Bg7 6. Nge2 Nge7 7. d3 d6 8. O-O
O-O 9. Be3 a6 10. a4 f5 11. Nd5 Nxd5 12. cxd5 Nb4 13. Qd2 Bd7 14. Bg5 Qe8 15.
Bh6 b5 16. Bxg7 Kxg7 17. exf5 Bxf5 18. Qc3 Nxd3 19. Nf4 Nxf4 20. gxf4 b4 21. Qb3
exf4 22. Rfe1 Qd8 23. Qd1 Rf7 24. f3 Qg5 0-1

[Event "ch-FRA Blitz Online Qual"]
[Site "Europe-Chess INT"]
[Date "2020.05.16"]
[Round "2"]
[White "Charousset, Donovan"]
[Black "Fondrat, Johan"]
[Result "0-1"]
[WhiteElo "1204"]
[BlackElo "1509"]
[WhiteFideId "45167699"]
[BlackFideId "45156069"]
[EventDate "2020.05.16"]

1. d4 d5 2. c4 c6 3. Bd2 Nf6 4. c5 Bf5 5. Nf3 e6 6. Bg5 Nbd7 7. Ne5 Be7 8. Nxd7
Nxd7 9. e3 Bxg5 10. Bd3 Bxd3 11. Qxd3 b6 12. cxb6 Qxb6 13. b3 Be7 14. O-O O-O
15. Nd2 c5 16. dxc5 Nxc5 17. Qe2 Rac8 18. Rac1 Nd7 19. Nf3 Qa5 20. Nd4 Bc5 21.
Rfd1 Bxd4 22. Rxc8 Rxc8 23. Rxd4 Rc1+ 24. Rd1 Rxd1+ 25. Qxd1 Qxa2 26. h3 h6 27.
Qc1 Nf6 28. Qc8+ Kh7 29. Qc7 Qb1+ 30. Kh2 Qxb3 31. Qxf7 Qb6 32. Qd7 Nxd7 33. f3
Nf6 34. g4 Qxe3 35. Kg3 d4 36. Kg2 Nd5 37. Kf1 Nf4 0-1

[Event "ch-FRA Blitz Online Qual"]
[Site "Europe-Chess INT"]
[Date "2020.05.16"]
[Round "2"]
[White "Gandreuil, Brice"]
[Black "Porchel, Baptiste"]
[Result "1-0"]
[WhiteElo "1500"]
[BlackElo "1104"]
[WhiteFideId "36078425"]
[BlackFideId "45193037"]
[EventDate "2020.05.16"]

1. e4 e5 2. Nf3 Nc6 3. Bc4 Nf6 4. Ng5 d5 5. exd5 Na5 6. Bb5+ c6 7. dxc6 bxc6 8.
Be2 Ng4 9. Bxg4 Qxg5 10. Bf3 Bf5 11. d3 Rd8 12. Bxg5 f6 13. Be3 e4 14. Bg4 exd3
15. Bxf5 dxc2 16. Qxc2 Bb4+ 17. Nc3 Nc4 18. O-O O-O 19. Be6+ Kh8 20. Bxc4 Bxc3
21. bxc3 Rd7 22. Rad1 Rfd8 23. Rxd7 Rxd7 24. Rd1 Rb7 25. Rd8# 1-0

[Event "ch-FRA Blitz Online Qual"]
[Site "Europe-Chess INT"]
[Date "2020.05.16"]
[Round "2"]
[White "Mirguet, Ulysse"]
[Black "De Monts, Louis"]
[Result "0-1"]
[WhiteElo "1105"]
[BlackElo "1630"]
[WhiteFideId "36044300"]
[BlackFideId "36088781"]
[EventDate "2020.05.16"]

1. e4 c5 2. Nf3 g6 3. Nc3 Bg7 4. Bc4 Nc6 5. d3 e6 6. Be3 b6 7. O-O Nge7 8. Nb5
d5 9. exd5 exd5 10. Bb3 O-O 11. c3 Bg4 12. h3 Bf5 13. d4 c4 14. Bc2 Bxc2 15.
Qxc2 a6 16. Na3 Nf5 17. Bg5 Qd6 18. Qd2 Rfe8 19. Rfe1 b5 20. Nc2 a5 21. Ne3 Nxe3
22. Bxe3 b4 23. Re2 Ne7 24. Rae1 bxc3 25. bxc3 Nf5 26. Bf4 Qd7 27. Ne5 Qa4 28.
g4 Nh4 29. Qe3 f6 30. Nxg6 Rxe3 31. Rxe3 Nxg6 0-1

[Event "ch-FRA Blitz Online Qual"]
[Site "Europe-Chess INT"]
[Date "2020.05.16"]
[Round "2"]
[White "Desarmaux-Do, Yanis-Huy"]
[Black "Fischler, Ines"]
[Result "1-0"]
[WhiteElo "1803"]
[BlackElo "1129"]
[WhiteFideId "45118299"]
[BlackFideId "551033658"]
[EventDate "2020.05.16"]

1. Nf3 d5 2. g3 Nc6 3. d4 g6 4. Bg2 Bg7 5. O-O Nf6 6. c3 O-O 7. Bg5 Bg4 8. h3
Bf5 9. Nfd2 Qd7 10. Kh2 h6 11. Bxf6 Bxf6 12. e4 dxe4 13. Nxe4 Bxe4 14. Bxe4 Kg7
15. Nd2 Rad8 16. Bg2 e6 17. Ne4 Qe7 18. Nc5 Rb8 19. Qc2 Qd6 20. Rad1 b6 21. Ne4
Qd7 22. Qe2 Ne7 23. Nxf6 Kxf6 24. Qe5# 1-0

[Event "ch-FRA Blitz Online Qual"]
[Site "Europe-Chess INT"]
[Date "2020.05.16"]
[Round "2"]
[White "Rigaud-Retourne, Mael"]
[Black "Ogier, Arnaud"]
[Result "1-0"]
[WhiteElo "1103"]
[BlackElo "1569"]
[WhiteFideId "45167478"]
[BlackFideId "45196494"]
[EventDate "2020.05.16"]

1. e4 c5 2. Nf3 Nc6 3. d4 cxd4 4. Nxd4 Nf6 5. Nc3 e5 6. Nf3 Bb4 7. Bd3 d5 8.
exd5 Nxd5 9. Bd2 Bxc3 10. Bxc3 O-O 11. Qd2 f5 12. O-O Kh8 13. Bc4 Nxc3 14. Qxc3
Qf6 15. Rad1 Be6 16. Bxe6 Qxe6 17. Rfe1 e4 18. b3 Rad8 19. Rxd8 Rxd8 20. h3 Qd6
21. Ng5 Rd7 22. Qc4 Ne5 23. Qc3 h6 24. f4 Nc6 25. Nxe4 fxe4 26. Rxe4 Re7 27.
Rxe7 Qxe7 28. Qf3 Qe1+ 29. Kh2 Qe6 30. Kg1 Qf5 31. c4 Qb1+ 32. Kh2 Qxa2 33. Qe3
Qc2 34. Qe8+ Kh7 35. Qe3 Qf5 36. g4 Qf6 37. Qe4+ Qg6 38. f5 Qf6 39. Kg3 Nd4 40.
b4 Nc6 41. b5 Qe5+ 42. Qf4 Qxf4+ 43. Kxf4 Ne7 44. Ke5 Kg8 45. Kd6 Kf7 46. Kc7 b6
47. Kb7 Ke8 48. Kxa7 Kd7 49. Kxb6 Nc8+ 50. Ka6 Kc7 51. c5 Ne7 52. b6+ Kb8 53. b7 1-0

[Event "ch-FRA Blitz Online Qual"]
[Site "Europe-Chess INT"]
[Date "2020.05.16"]
[Round "2"]
[White "Sudholt, Mario"]
[Black "Migus, Ethan"]
[Result "1-0"]
[WhiteElo "1483"]
[BlackElo "1084"]
[WhiteFideId "551039877"]
[BlackFideId "551047594"]
[EventDate "2020.05.16"]

1. e4 d5 2. exd5 Nf6 3. d4 Nxd5 4. c4 Nf6 5. Nc3 Nc6 6. d5 Ne5 7. Bf4 Ng6 8. Bg3
e5 9. Nf3 Bg4 10. Be2 Bxf3 11. Bxf3 Bb4 12. Qa4+ Qd7 13. Qxb4 O-O-O 14. O-O Rhe8
15. Rfe1 Re7 16. Rad1 Rde8 17. h3 e4 18. Be2 h5 19. c5 h4 20. Bh2 Re5 21. Bxe5
Rxe5 22. d6 c6 23. Qd4 Rd5 24. Nxd5 Nxd5 25. Bc4 Nf6 26. b4 b5 27. cxb6 axb6 28.
Qxb6 Qb7 29. Qc5 Kb8 30. Bb3 Ka8 31. d7 Qb8 32. d8=Q Qxd8 33. Rxd8+ Kb7 34. Qa5 1-0

[Event "ch-FRA Blitz Online Qual"]
[Site "Europe-Chess INT"]
[Date "2020.05.16"]
[Round "2"]
[White "Zanin, Sylvie"]
[Black "Moindjie, Nassuf"]
[Result "0-1"]
[WhiteElo "1001"]
[BlackElo "1471"]
[WhiteFideId "45115532"]
[BlackFideId "551098237"]
[EventDate "2020.05.16"]

1. e4 c5 2. Nf3 Nc6 3. Bc4 e6 4. d3 d5 5. exd5 exd5 6. Bb5 Qa5+ 7. Nc3 d4 8.
Bxc6+ bxc6 9. O-O dxc3 10. Qe2+ Be7 11. b3 Be6 12. d4 Nf6 13. Ng5 Bg4 14. f3 h6
15. fxg4 hxg5 16. Bxg5 Qc7 17. g3 O-O-O 18. dxc5 Bxc5+ 19. Be3 Rde8 20. Qa6+ Kb8
21. Bxc5 Nxg4 22. Rxf7 Qxf7 23. Bd6+ Ka8 24. Qxc6+ Qb7 25. Qxb7+ Kxb7 26. Bb4
Nxh2 27. Kg2 Re2+ 28. Kg1 Rxc2 29. Re1 Nf3+ 30. Kf1 Rh1# 0-1

[Event "ch-FRA Blitz Online Qual"]
[Site "Europe-Chess INT"]
[Date "2020.05.16"]
[Round "2"]
[White "Nicot, Valentin"]
[Black "Grulier, Ernest"]
[Result "0-1"]
[WhiteElo "1041"]
[BlackElo "1469"]
[WhiteFideId "651002477"]
[BlackFideId "551048060"]
[EventDate "2020.05.16"]

1. e4 c5 2. Nf3 d6 3. d4 cxd4 4. Nxd4 Nf6 5. Nc3 a6 6. Be2 e5 7. Nf3 Be6 8. O-O
Nbd7 9. Be3 Be7 10. Qd2 Nc5 11. Rfd1 Nfxe4 12. Nxe4 Nxe4 13. Qd3 Nc5 14. Bxc5
dxc5 15. Qxd8+ Rxd8 16. Rxd8+ Kxd8 17. Rd1+ Kc7 18. Nxe5 Bf6 19. Nd3 b6 20. a3
Rd8 21. b4 c4 22. Ne1 Rxd1 23. Bxd1 b5 24. Nf3 Bb2 25. Ng5 Bxa3 26. Nxh7 Bxb4
27. Ng5 Bd5 28. Bf3 Bxf3 29. gxf3 a5 30. Kg2 a4 31. Nxf7 a3 32. Ne5 a2 33. c3
Bxc3 34. Ng4 a1=Q 35. Ne3 Qa4 36. Nd5+ Kd6 37. Nxc3 Qb3 38. Ne4+ Kd5 39. Nd2 Qd3
40. Nf1 c3 41. Ne3+ Qxe3 42. fxe3 c2 43. e4+ Ke5 44. Kg3 c1=Q 45. h4 b4 46. h5
b3 47. Kg4 Qf4+ 48. Kh3 Qxf3+ 49. Kh4 Kf4 50. h6 Qg4# 0-1

[Event "ch-FRA Blitz Online Qual"]
[Site "Europe-Chess INT"]
[Date "2020.05.16"]
[Round "2"]
[White "Bag, Ayoub"]
[Black "Lefrancois, Jean"]
[Result "1-0"]
[WhiteElo "1467"]
[BlackElo "1038"]
[WhiteFideId "551012308"]
[BlackFideId "551055635"]
[EventDate "2020.05.16"]

1. e4 e5 2. Nf3 Nc6 3. Bc4 Bc5 4. c3 Nf6 5. d4 exd4 6. cxd4 Bb4+ 7. Bd2 Bxd2+ 8.
Nbxd2 d6 9. O-O O-O 10. Qc2 Re8 11. Rfe1 Bg4 12. e5 dxe5 13. dxe5 Nd7 14. Qb3
Rf8 15. h3 Bxf3 16. Nxf3 Na5 17. Qc3 Nxc4 18. Qxc4 Re8 19. Rad1 Qc8 20. e6 fxe6
21. Rxe6 Kh8 22. Rxe8+ Qxe8 23. Qd5 Nb6 24. Qb3 Rd8 25. Rxd8 Qxd8 26. Ne5 Qd5
27. Qa3 h6 28. Qf8+ Kh7 29. Qf5+ Kg8 30. Qf4 Qe6 31. Nf3 Qf7 32. Qe4 Qxa2 33.
Qxb7 Qxb2 34. Qxc7 Qb1+ 35. Kh2 Qg6 36. Qxa7 Qd6+ 37. g3 Nd7 38. Qa8+ Kh7 39.
Qe4+ Qg6 40. Qxg6+ Kxg6 41. Kg2 Nf6 42. Nh2 Ne4 43. Kf3 Ng5+ 44. Kg2 Kf5 45. f4
Ne4 46. Kf3 Nd2+ 47. Ke2 Nc4 48. Nf1 g5 49. Ne3+ Nxe3 50. Kxe3 gxf4+ 51. gxf4
Kf6 52. Ke4 Ke6 53. f5+ Kf6 54. Kf4 Kg7 55. Ke5 Kf7 56. f6 h5 57. Kf5 h4 58. Kg5
Kf8 59. Kxh4 Kf7 60. Kg5 Kf8 61. Kg6 Kg8 62. h4 Kf8 63. h5 Kg8 64. f7+ Kf8 65.
h6 Ke7 66. Kg7 Ke6 67. f8=Q Ke5 68. h7 Ke4 69. h8=Q Ke3 70. Qh6+ Ke2 71. Qe6+
Kd3 72. Qd8+ Kc3 73. Qc6+ Kb4 74. Qb8+ Ka5 75. Qca8# 1-0

[Event "ch-FRA Blitz Online Qual"]
[Site "Europe-Chess INT"]
[Date "2020.05.16"]
[Round "2"]
[White "Molines, Martin"]
[Black "Morais, Thomas"]
[Result "0-1"]
[WhiteElo "1033"]
[BlackElo "1710"]
[WhiteFideId "45191298"]
[BlackFideId "36034703"]
[EventDate "2020.05.16"]

1. e4 c5 2. Nf3 e6 3. d4 cxd4 4. Nxd4 a6 5. Nc3 Qc7 6. Bc4 Qxc4 7. Nf3 Nf6 8.
Qd4 Qxd4 9. Nxd4 Bb4 10. f3 Nc6 11. Nxc6 dxc6 12. Bd2 O-O 13. a3 Bxc3 14. Bxc3
Rd8 15. Ke2 b5 16. Rhd1 Bb7 17. e5 Nd5 18. Bd4 Nf4+ 19. Kf1 Rd5 20. Be3 Ng6 21.
Rxd5 cxd5 22. Rd1 Rc8 23. c3 Nxe5 24. Bd4 Nc4 25. b3 Nxa3 26. c4 bxc4 27. bxc4
Rxc4 28. Bb2 Nb5 29. Kg1 a5 30. Be5 a4 31. Rb1 Rc5 32. Bd4 Nxd4 33. Rxb7 g6 34.
Rb8+ Kg7 35. Ra8 Rc1+ 36. Kf2 Ra1 37. Ke3 a3 38. Kxd4 a2 39. Ke3 Re1+ 40. Kf2
a1=Q 41. Rxa1 Rxa1 42. Kg3 Ra2 43. h4 d4 0-1

[Event "ch-FRA Blitz Online Qual"]
[Site "Europe-Chess INT"]
[Date "2020.05.16"]
[Round "2"]
[White "Morand, Olivier"]
[Black "Drieu, Hugo"]
[Result "0-1"]
[WhiteElo "1009"]
[BlackElo "1425"]
[WhiteFideId "45104387"]
[BlackFideId "45170738"]
[EventDate "2020.05.16"]

1. d4 Nf6 2. c4 g6 3. Nc3 Bg7 4. e4 d6 5. f4 Nbd7 6. Nf3 c5 7. Be3 Ng4 8. Qd2
Nxe3 9. Qxe3 O-O 10. Bd3 cxd4 11. Nxd4 Nc5 12. O-O e5 13. fxe5 dxe5 14. Nf3 Qxd3
15. Qxd3 Nxd3 16. Nd5 Be6 17. Nc7 Rac8 18. Nxe6 fxe6 19. Rad1 Nxb2 20. Rd2 Nxc4
21. Rc2 Nd6 22. Rxc8 Rxc8 23. Ng5 Rf8 24. Nxe6 Rxf1+ 25. Kxf1 Nxe4 26. g3 Kf7
27. Nc7 Nc3 28. a3 Bf8 0-1

[Event "ch-FRA Blitz Online Qual"]
[Site "Europe-Chess INT"]
[Date "2020.05.16"]
[Round "3"]
[White "Firouzja, Alireza"]
[Black "Buksa, Nataliya"]
[Result "1-0"]
[WhiteTitle "GM"]
[BlackTitle "IM"]
[WhiteElo "2728"]
[BlackElo "2410"]
[WhiteFideId "12573981"]
[BlackFideId "14123622"]
[EventDate "2020.05.16"]

1. e4 c5 2. Ne2 Nc6 3. Nbc3 e5 4. d3 d6 5. g3 g6 6. h3 Bg7 7. Bg2 Nge7 8. f4 O-O
9. fxe5 dxe5 10. g4 Nd4 11. Be3 Be6 12. Qd2 b5 13. Nd1 f5 14. Bg5 Rc8 15. exf5
gxf5 16. gxf5 Rxf5 17. h4 Rf7 18. Ne3 Qd7 19. O-O-O Bxa2 20. Rdf1 b4 21. Rxf7
Bxf7 22. Bxe7 Qxe7 23. Bh3 Rd8 24. Nxd4 cxd4 25. Nf5 Qf6 26. Rg1 Bg6 27. Nxg7
Kxg7 28. h5 Qa6 29. Kb1 Rd5 30. Qxb4 Ra5 31. Qe7+ Kh6 32. Qf8+ Kxh5 33. Bg4+ Kh4
34. Qh6+ Bh5 35. Qxh5# 1-0

[Event "ch-FRA Blitz Online Qual"]
[Site "Europe-Chess INT"]
[Date "2020.05.16"]
[Round "3"]
[White "Navrotescu, Andreea-Cristiana"]
[Black "Jobava, Baadur"]
[Result "0-1"]
[WhiteTitle "WIM"]
[BlackTitle "GM"]
[WhiteElo "2284"]
[BlackElo "2603"]
[WhiteFideId "675946"]
[BlackFideId "13601520"]
[EventDate "2020.05.16"]

1. d4 d5 2. c4 c6 3. Nf3 Nf6 4. Qc2 g6 5. Bf4 Bg7 6. e3 O-O 7. Nc3 Na6 8. a3 Nc7
9. h3 Bf5 10. Qb3 Qc8 11. Rc1 Ne4 12. Bxc7 dxc4 13. Bxc4 Nxc3 14. Rxc3 Qxc7 15.
O-O e6 16. Rfc1 Qe7 17. Bf1 Be4 18. Nd2 Bd5 19. Qd1 e5 20. dxe5 Bxe5 21. R3c2
Rad8 22. Qe1 Bg7 23. b4 Be6 24. Nc4 Bf5 25. Rd2 Rxd2 26. Qxd2 Rd8 27. Qe1 Be6
28. Rd1 b6 29. Rd2 h5 30. Qd1 Rxd2 31. Qxd2 h4 32. Qd3 Bf6 33. Qe4 Bd5 34. Qg4
Kg7 35. Qc8 Qe6 36. Qxe6 Bxe6 37. a4 Bd7 38. a5 b5 39. Nd2 Bc3 40. Nb3 Bxb4 41.
a6 Kf6 42. Be2 Ke7 43. Nd4 Kd6 44. Kf1 Kc7 45. Bd3 Kb6 46. Bc2 c5 47. Nf3 c4 48.
Nxh4 Be7 49. Nf3 b4 50. Ne5 Be6 51. Ke2 b3 52. Bb1 Bf6 53. Nf3 Kxa6 54. Nd4 Bxd4
55. exd4 Kb5 56. Kd2 Kb4 57. f4 c3+ 58. Kc1 a5 0-1

[Event "ch-FRA Blitz Online Qual"]
[Site "Europe-Chess INT"]
[Date "2020.05.16"]
[Round "3"]
[White "Bauer, Christian"]
[Black "Eden, James"]
[Result "0-1"]
[WhiteTitle "GM"]
[BlackTitle "IM"]
[WhiteElo "2623"]
[BlackElo "2330"]
[WhiteFideId "603767"]
[BlackFideId "666491"]
[EventDate "2020.05.16"]

1. d4 d5 2. c4 c6 3. cxd5 cxd5 4. Bg5 Nc6 5. Nc3 Nf6 6. Bxf6 gxf6 7. e3 e6 8.
Nge2 Bd6 9. Ng3 f5 10. Nh5 Qb6 11. Bb5 a6 12. Bxc6+ bxc6 13. O-O Qb8 14. Kh1 Ke7
15. Na4 a5 16. Rc1 Ba6 17. Re1 Rc8 18. Qf3 Qb4 19. b3 Qd2 20. Nb6 Qxa2 21. Nxa8
Rxa8 22. Rxc6 Qxb3 23. Qh3 Qb7 24. Rcc1 Bc4 25. Qh4+ Kd7 26. Nf6+ Kc6 27. e4
fxe4 28. Nxe4 Be7 29. Qh5 a4 30. Qxf7 Qd7 31. Nf6 Bxf6 32. Re2 Qxf7 33. Rec2
Bxd4 0-1

[Event "ch-FRA Blitz Online Qual"]
[Site "Europe-Chess INT"]
[Date "2020.05.16"]
[Round "3"]
[White "Bouget, Alexandre"]
[Black "Safarli, Eltaj"]
[Result "0-1"]
[WhiteTitle "FM"]
[BlackTitle "GM"]
[WhiteElo "2238"]
[BlackElo "2598"]
[WhiteFideId "681318"]
[BlackFideId "13402129"]
[EventDate "2020.05.16"]

1. d4 Nf6 2. c4 g6 3. Nc3 d5 4. cxd5 Nxd5 5. e4 Nxc3 6. bxc3 Bg7 7. Nf3 c5 8.
Be3 O-O 9. Qd2 Nd7 10. Be2 Nf6 11. Bd3 b6 12. Bh6 Bb7 13. Bxg7 Kxg7 14. Qe3 Qc7
15. O-O e6 16. Ne5 Rfd8 17. Rad1 cxd4 18. cxd4 Rac8 19. f4 Qc3 20. Nf3 Bxe4 21.
Ng5 Bb7 22. f5 exf5 23. Qe7 Qxd4+ 24. Kh1 Qd7 25. Qe5 Qd5 26. Qg3 Nh5 27. Qh3
Rc3 28. Bxf5 Rxh3 29. Rxd5 Rxd5 30. Bxh3 Rxg5 0-1

[Event "ch-FRA Blitz Online Qual"]
[Site "Europe-Chess INT"]
[Date "2020.05.16"]
[Round "3"]
[White "Lagarde, Maxime"]
[Black "Pucher, Sebastien"]
[Result "1-0"]
[WhiteTitle "GM"]
[BlackTitle "FM"]
[WhiteElo "2655"]
[BlackElo "2322"]
[WhiteFideId "662399"]
[BlackFideId "627232"]
[EventDate "2020.05.16"]

1. g3 g6 2. Bg2 Bg7 3. d3 e5 4. Nf3 d5 5. O-O Nc6 6. c4 Nge7 7. Nc3 d4 8. Na4
O-O 9. Re1 h6 10. a3 b6 11. b4 Bb7 12. Bd2 a6 13. Qb3 Qd7 14. Rac1 Rae8 15. b5
Nd8 16. bxa6 Bxa6 17. c5 Bb5 18. Nb2 Ne6 19. cxb6 cxb6 20. Nc4 Bxc4 21. Rxc4 b5
22. Rc2 Rc8 23. Rec1 Rxc2 24. Rxc2 Rc8 25. Rxc8+ Nxc8 26. h4 Kh7 27. h5 gxh5 28.
Bh3 Nd6 29. Bb4 Kg6 30. Qd5 Bf8 31. Nxe5+ 1-0

[Event "ch-FRA Blitz Online Qual"]
[Site "Europe-Chess INT"]
[Date "2020.05.16"]
[Round "3"]
[White "Devallee, Jeremie"]
[Black "Edouard, Romain"]
[Result "1/2-1/2"]
[WhiteTitle "FM"]
[BlackTitle "GM"]
[WhiteElo "2230"]
[BlackElo "2649"]
[WhiteFideId "665240"]
[BlackFideId "633429"]
[EventDate "2020.05.16"]

1. e4 c5 2. d4 cxd4 3. c3 d3 4. Bxd3 Nc6 5. c4 g6 6. Nc3 d6 7. Be3 Bg7 8. Rc1
Nf6 9. h3 O-O 10. f4 Nd7 11. Nf3 Nc5 12. Bb1 b6 13. O-O Bb7 14. b3 a6 15. Qd2
Qb8 16. f5 b5 17. Bh6 bxc4 18. Bxg7 Kxg7 19. bxc4 Nd7 20. Nd5 Nf6 21. Qc3 Ne5
22. fxg6 hxg6 23. Nxe7 Nxe4 24. Bxe4 Bxe4 25. Nxe5 dxe5 26. Nd5 Bxd5 27. cxd5
Qd6 28. Qf3 Rad8 29. Rc6 Qxd5 30. Qf6+ Kg8 31. Rc7 a5 32. Re7 e4 33. Re5 Qd4+
34. Kh1 Qc4 35. Rg5 Kh7 36. Rg4 Rd5 37. Rh4+ Rh5 38. Rxh5+ gxh5 39. Rf5 Qc1+ 40.
Kh2 Qh6 41. Qe7 e3 42. Rxf7+ Rxf7 43. Qxf7+ Kh8 44. Qe8+ Kg7 45. Qe7+ Kg8 46.
Qe8+ Kg7 47. Qe7+ Kg8 48. Qe8+ Kg7 1/2-1/2

[Event "ch-FRA Blitz Online Qual"]
[Site "Europe-Chess INT"]
[Date "2020.05.16"]
[Round "3"]
[White "Gozzoli, Yannick"]
[Black "Barbaras, Mathieu"]
[Result "1-0"]
[WhiteTitle "GM"]
[WhiteElo "2600"]
[BlackElo "2200"]
[WhiteFideId "616915"]
[BlackFideId "20622910"]
[EventDate "2020.05.16"]

1. d4 Nf6 2. Nf3 e6 3. Bg5 h6 4. Bxf6 Qxf6 5. e4 d6 6. c3 Nd7 7. a4 g6 8. Na3 a6
9. a5 Bg7 10. Nc4 O-O 11. Be2 e5 12. O-O exd4 13. cxd4 Re8 14. Qc2 Qe7 15. Rfe1
Nf6 16. Bd3 Bg4 17. Ncd2 c6 18. h3 Bxf3 19. Nxf3 Nh5 20. Bf1 Rac8 21. g3 c5 22.
d5 Qf6 23. Re3 Qxb2 24. Qxb2 Bxb2 25. Rb1 Bd4 26. Nxd4 cxd4 27. Ree1 Nf6 28. Bg2
Rc5 29. Rxb7 Nxd5 30. Rd7 Nc3 31. Rxd6 Rxa5 32. Rxd4 Rae5 33. f4 R5e7 34. e5 f6
35. Rd3 Nb5 36. Bc6 Kg7 37. Bxe8 Rxe8 38. exf6+ 1-0

[Event "ch-FRA Blitz Online Qual"]
[Site "Europe-Chess INT"]
[Date "2020.05.16"]
[Round "3"]
[White "Mallassagne, Francois-Eric"]
[Black "Baklan, Vladimir"]
[Result "0-1"]
[BlackTitle "GM"]
[WhiteElo "2163"]
[BlackElo "2587"]
[WhiteFideId "620025"]
[BlackFideId "14102196"]
[EventDate "2020.05.16"]

1. d4 Nf6 2. Nf3 g6 3. c4 Bg7 4. Nc3 O-O 5. g3 c6 6. Bg2 d6 7. O-O Bf5 8. a3 Ne4
9. Nxe4 Bxe4 10. b4 Nd7 11. Bb2 Nb6 12. Rc1 d5 13. cxd5 Qxd5 14. Rc5 Qa2 15. Qa1
Qxa1 16. Bxa1 Rfd8 17. e3 a5 18. b5 Na4 19. Rcc1 cxb5 20. Ne5 Bxg2 21. Kxg2 Bxe5
22. dxe5 Rac8 23. Bd4 Rc6 24. Rb1 Rd5 25. f4 Nc3 26. Rb2 Na4 27. Rbb1 Nb6 28.
Kf3 Nc4 29. Rf2 Nxa3 30. Ra1 b4 31. Ke4 e6 32. h4 Nc2 33. Ra4 Nxd4 34. exd4 h5
35. Rfa2 b6 36. Rb2 Rc3 37. Ra1 Rxg3 38. Rc1 b3 39. Rc6 Rb5 40. f5 gxf5+ 41. Kf4
Rg4+ 42. Ke3 a4 43. Rc8+ Kg7 44. Ra8 Ra5 45. Rb8 a3 46. Rxb3 Rg3+ 0-1

[Event "ch-FRA Blitz Online Qual"]
[Site "Europe-Chess INT"]
[Date "2020.05.16"]
[Round "3"]
[White "Guseinov, Gadir"]
[Black "Degardin, Sylvain"]
[Result "1/2-1/2"]
[WhiteTitle "GM"]
[WhiteElo "2665"]
[BlackElo "2267"]
[WhiteFideId "13401378"]
[BlackFideId "20623070"]
[EventDate "2020.05.16"]

1. e4 c5 2. Nc3 d6 3. Bb5+ Bd7 4. Bxd7+ Qxd7 5. d4 cxd4 6. Qxd4 Nc6 7. Qd3 g6 8.
Nf3 Bg7 9. O-O Nf6 10. Nd5 O-O 11. Bg5 Nxd5 12. exd5 Ne5 13. Nxe5 Bxe5 14. c3
Bf6 15. h4 Bxg5 16. hxg5 e5 17. dxe6 fxe6 18. Rad1 Rad8 19. Rfe1 Rf5 20. Qe3 e5
21. c4 b6 22. Rd5 Qe7 23. f4 Qc7 24. fxe5 dxe5 25. Rxe5 Rxe5 26. Qxe5 Qxc4 27.
b3 Qd4+ 28. Qxd4 Rxd4 29. Re7 a5 30. Rb7 Rb4 31. Ra7 Rb5 32. Ra6 Kf7 33. Kh2 Ke6
34. Kh3 Kf5 35. Ra7 Kxg5 36. Rxh7 Rb4 37. Ra7 Rb5 38. Kg3 Rb4 39. Kf3 Rb5 40.
Rd7 Rb4 41. Ra7 Rb5 42. Kf2 Rb4 43. Ke3 Kg4 44. Ra8 g5 45. Kf2 Rd4 46. Ke3 Rb4
47. Kf2 Rd4 48. Ke3 Rb4 1/2-1/2

[Event "ch-FRA Blitz Online Qual"]
[Site "Europe-Chess INT"]
[Date "2020.05.16"]
[Round "3"]
[White "Piorun, Kacper"]
[Black "Coutton, Sylvain"]
[Result "1-0"]
[WhiteTitle "GM"]
[WhiteElo "2601"]
[BlackElo "2185"]
[WhiteFideId "1130420"]
[BlackFideId "610194"]
[EventDate "2020.05.16"]

1. e4 e5 2. Nc3 Nf6 3. Bc4 c6 4. Nf3 d5 5. Bb3 Qd6 6. exd5 cxd5 7. d4 e4 8. Ne5
Nc6 9. Bf4 Qd8 10. Qd2 Be7 11. O-O-O Be6 12. f3 exf3 13. gxf3 Bb4 14. Qg2 Nh5
15. Ne2 Nxf4 16. Nxf4 Be7 17. Nxe6 fxe6 18. Qxg7 Rf8 19. Ba4 Rc8 20. Qxh7 Qc7
21. Bxc6+ bxc6 22. Qg6+ Kd8 23. Qxe6 Rf6 24. Qg4 c5 25. Qg8+ Bf8 26. Qxd5+ Rd6
27. Nf7+ Ke8 28. Nxd6+ Bxd6 29. Rhe1+ Kd8 30. dxc5 1-0

[Event "ch-FRA Blitz Online Qual"]
[Site "Europe-Chess INT"]
[Date "2020.05.16"]
[Round "3"]
[White "Koelsch, Gilbert"]
[Black "Vaisser, Anatoly"]
[Result "1-0"]
[WhiteTitle "CM"]
[BlackTitle "GM"]
[WhiteElo "2159"]
[BlackElo "2504"]
[WhiteFideId "612243"]
[BlackFideId "603252"]
[EventDate "2020.05.16"]

1. e4 c5 2. Nc3 Nc6 3. f4 e6 4. Nf3 d5 5. Bb5 Ne7 6. Qe2 dxe4 7. Nxe4 a6 8.
Bxc6+ Nxc6 9. d3 Be7 10. O-O O-O 11. b3 Nd4 12. Nxd4 cxd4 13. Bb2 Qd5 14. a4 Bd7
15. Ng3 Rac8 16. Rf2 Rc7 17. f5 Bg5 18. Bc1 Bxc1 19. Rxc1 exf5 20. Qh5 g6 21.
Qh6 Qe5 22. Re2 Qg7 23. Qf4 Rfc8 24. Qd6 Be6 25. Qb4 Qf6 26. a5 Bd5 27. h3 Rc3
28. Rce1 Kg7 29. Re8 1-0

[Event "ch-FRA Blitz Online Qual"]
[Site "Europe-Chess INT"]
[Date "2020.05.16"]
[Round "3"]
[White "Bailet, Pierre"]
[Black "Ioannidis, Evgenios"]
[Result "1-0"]
[WhiteTitle "IM"]
[BlackTitle "IM"]
[WhiteElo "2500"]
[BlackElo "2401"]
[WhiteFideId "655830"]
[BlackFideId "4229274"]
[EventDate "2020.05.16"]

1. e4 c5 2. Nf3 d6 3. d4 cxd4 4. Nxd4 Nf6 5. Nc3 a6 6. h3 e5 7. Nde2 h5 8. Nd5
Nxd5 9. Qxd5 Nc6 10. Qd1 Be7 11. Nc3 Be6 12. Nd5 Rc8 13. c3 Bg5 14. Bxg5 Qxg5
15. Ne3 O-O 16. h4 Qg6 17. Bd3 Ne7 18. O-O f5 19. exf5 Nxf5 20. Bxf5 Bxf5 21.
Qd5+ Kh7 22. Nxf5 Rxf5 23. Rad1 Rc6 24. Rd3 Rf4 25. Rg3 Rg4 26. Rxg4 Qxg4 27. g3
Qc4 28. Qf3 g6 29. b3 Qg8 30. Rd1 Kg7 31. c4 Qf7 32. Qe3 Qf5 33. Rd5 Qb1+ 34.
Kg2 Qxa2 35. c5 Qa5 36. b4 Qb5 37. Qe4 a5 38. cxd6 Qxb4 39. Qxe5+ Kh7 40. d7 1-0